Famous Anime Scenes - Statistics

General Stats
  • This quiz has been taken 243 times
  • The average score is 4 of 15
Answer Stats
Hint Answer % Correct
Main character takes a potato chip..and eats it Death Note
86%
Main character sits on the train with a ghost-like creature Spirited Away
47%
Soldier loses both of her arms during war Violet Evergarden
42%
Two sisters wait for a bus in the rain with a large, fluffy, mythical creature My Neighbor Totoro
37%
Classmate falls down the stairs with an umbrella Another
30%
Rich high school students are introduced to instant coffee Ouran High School Host Club
28%
Love interest goes on a tangent about his love for maids Maid-Sama!
24%
Terminally ill girl goes on a vacation with boy she just met I Want to Eat Your Pancreas
23%
Girl eats a strawberry off of another girl's cake K-ON!
13%
Gang boss is deathly afraid of pumpkins BANANA FISH
8%
Student sucker punches classmate on the first day of school SPY x FAMILY
8%
Girl says 'sata andagi' on repeat Azumanga Daioh
7%
Girl rips off her twin's fingernails Higurashi: When They Cry
6%
Woman's reflection in train window moves on her own Perfect Blue
6%
Girl doesn't have any money for takoyaki in Osaka Kill la Kill
4%
No matching quizzes found
Score Distribution
Percent of People with Each Score
Percentile by Number Answered
Your Score History
You have not taken this quiz